| 000 | 00923nam a2200289 i 4500 | ||
|---|---|---|---|
| 001 | 188900 | ||
| 003 | SpMaBN | ||
| 005 | 20250811062538.0 | ||
| 008 | 190221s1995 sp e |||| | spa d | ||
| 020 | _a84-8181-103-3 | ||
| 080 | _a022 | ||
| 080 | _a022.9 | ||
| 245 | 0 | 0 | _aPrototipo de bibliotecas públicas. |
| 260 |
_a[Madrid] : _bMinisterio de Cultura, _c1995. |
||
| 300 |
_a137 p. : _b1 plano ; _c23 cm. |
||
| 490 | 1 |
_aInfraestructuras culturales ; _v1 |
|
| 500 | _aÍndice. | ||
| 504 | _aBibliografía: p. 137. | ||
| 650 | 7 |
_aEdificios para bibliotecas. _9166432 |
|
| 650 | 7 |
_aBibliotecas- _xMaterial y equipo. _9166433 |
|
| 650 | 0 | 4 |
_aBibliotecas públicas. _910549 |
| 710 | 1 |
_aEspaña. _bMinisterio de Cultura _93850 |
|
| 830 | 0 |
_aInfraestructuras culturales ; _v1 _9225739 |
|
| 852 |
_aES-MaACL _jA-14393 _9196034 _bR.151731 _cDEPO1 _dOlim: N-7393 |
||
| 942 |
_2udc _cMONOGRAFIA |
||
| 999 |
_c188900 _d188900 |
||